banner-ar

الضوء و الابصار / (Record no. 60879)

MARC details
000 -الفاتح
حقل البيانات ثابتة الطول 01042nam a22002537a 4500
005 - وقت وتاريخ اخر تعامل مع التسجيلة
رقم الضبط 20240530110432.0
008 - عناصر البيانات ثابتة الطول - معلومات عامة
حقل البيانات ثابتة الطول 150402s2011 ua od a 000 0 ara d
017 ## - رقم الايداع القانونى
رقم الايداع القانونى 2010/23531
المصدر ( الهيئة المختصة) مصر . دار الكتب المصرية
020 ## - الرقم الدولى المعيارى للكتب
الرقم الدولى المعيارى للكتاب 9789774557100
040 ## - مصدر الفهرسة
وكالة الفهرسة الأصلية EG-CaGPL
082 04 - رقم تصنيف ديوى العشرى
رقم الطبعة 21
رقم التصنيف 530
رقم المادة ط/ر أ
100 1# - المدخل الرئيسى - إسم شخصى
الإسم الشخصى ريلى ، بيتر
الشكل الأكمل للاسم بيتر ريلى
245 12 - بيان العنوان
العنوان الضوء و الابصار /
بيان المسئوليه,etc تاليف بيتر ريلى ؛ ترجمة قسم الترجمة بدار الفاروق للاستثمارات الثقافية
250 ## - بيان الطبعة
بيان الطبعة ط1
260 ## - PUBLICATION, DISTRIBUTION, ETC. (IMPRINT)
تاريخ النشر أو التوزيع 2011 .
300 ## - الوصف المادى
التعداد 31 ص :
تفاصيل ماديه اخرى للوعاء ايض ؛
أبعاد الوعاء 28 سم
490 0# - بيان السلسلة
عنوان السلسلة اساسيات العلوم
650 04 - المدخل الاضافى بالموضوع-مصطلح موضوعى
مصطلح موضوعي الضوء
650 04 - المدخل الاضافى بالموضوع-مصطلح موضوعى
مصطلح موضوعي انتقال الضوء
650 04 - المدخل الاضافى بالموضوع-مصطلح موضوعى
مصطلح موضوعي انعكاس الضوء
710 2# - المدخل الاضافى - اسم هيئه
اسم الهيئة أو اسم السلطة كمدخل قسم الترجمة بدار الفاروق للاستثمارات الثقافي
الدور مترجم
942 ## - عناصر المدخل الإضافي( كوها)
مصدر التصنيف او مخطط الترفيف Dewey Decimal Classification
Koha [default] item type كتاب
260 ## - PUBLICATION, DISTRIBUTION, ETC. (IMPRINT)
-- القاهرة :
-- دار الفاروق للاستثمارات الثقافية ،
Holdings
حالة التراجع حالة الفقد حالة تلف ليس للاعارة المكان المؤقت الموقع الحالى تاريخ الاكتساب اجمالي اﻻعارات رقم الطلب الباركود تاريخ اخر مشاهدة تاريخ تفعيل السعر نوع وعاء كوها
        مكتبة القاهرة الكبرى مكتبة القاهرة الكبرى 04/02/2015   530 ط/ر أ 160056 04/02/2015 04/02/2015 كتاب

Powered By

EGPV